[Event "Aeroflot Open"]
[Site "Moscow RUS"]
[Date "2009.02.22"]
[Round "6"]
[White "Ragger,M"]
[Black "Salem,AR"]
[Result "1-0"]
[WhiteElo "2540"]
[BlackElo "2473"]
[EventDate "2009.02.17"]

1. e4 c6 2. d4 d5 3. exd5 cxd5 4. c4 Nf6 5. Nc3 Nc6 6. Nf3 Bg4 7. cxd5 Nxd5
8. Qb3 Bxf3 9. gxf3 Nb6 10. d5 Nd4 11. Bb5+ Nd7 12. Qa4 Nxb5 13. Qxb5 g6
14. O-O Bg7 15. Bg5 O-O 16. Rfe1 f6 17. Bf4 Ne5 18. Re3 Qc8 19. Bg3 Rf7 20.
Rae1 Bf8 21. Qb3 Qd7 22. Ne4 Qf5 23. Rc3 Rd8 24. Kg2 b6 25. Rc7 a6 26. h4
Kg7 27. Bxe5 fxe5 28. Ng5 Rf6 29. Ne6+ Rxe6 30. dxe6 Rd3 31. Qb4 Qxf3+ 32.
Kg1 Rd4 33. Qc3 Qd5 34. Qg3 Kf6 35. Rc3 Rf4 36. Qg5+ Kg7 37. Qxe5+ Qxe5 38.
Rxe5 Rxh4 39. Rf3 Rc4 40. Rf7+ Kg8 41. Rd5 Rc8 42. b3 Rb8 43. Rd7 Kh8 44.
Kg2 Kg8 45. Kf3 Kh8 46. Ke4 Kg8 47. f4 Rc8 48. Rb7 b5 49. Ra7 a5 50. Rxa5
Rc6 51. f5 gxf5+ 52. Kxf5 Rc5+ 53. Kg4 h5+ 54. Kh4 Bg7 55. Ra8+ Kh7 56.
Rxe7 Kh6 57. Rxg7 1-0

[Event "Aeroflot Open"]
[Site "Moscow RUS"]
[Date "2009.02.23"]
[Round "7"]
[White "Kurnosov,I"]
[Black "Zhou Jianchao"]
[Result "1/2-1/2"]
[WhiteElo "2602"]
[BlackElo "2612"]
[EventDate "2009.02.17"]

1. e4 e5 2. Nf3 Nf6 3. Nxe5 d6 4. Nf3 Nxe4 5. Nc3 Nxc3 6. dxc3 Be7 7. Bf4
Nc6 8. Qd2 Be6 9. O-O-O Qd7 10. Kb1 O-O-O 11. Ng5 Bxg5 12. Bxg5 1/2-1/2

[Event "Aeroflot Open"]
[Site "Moscow RUS"]
[Date "2009.02.23"]
[Round "7"]
[White "Moiseenko,A1"]
[Black "Pashikian,A"]
[Result "1/2-1/2"]
[WhiteElo "2676"]
[BlackElo "2621"]
[EventDate "2009.02.17"]

1. d4 d5 2. c4 c6 3. Nc3 Nf6 4. e3 e6 5. Nf3 Nbd7 6. Bd3 dxc4 7. Bxc4 b5 8.
Bd3 Bb7 9. a3 Bd6 10. O-O O-O 11. Qc2 Qe7 12. Ne2 e5 13. Ng3 g6 14. Bd2
Rac8 15. b4 Rfe8 16. dxe5 Nxe5 17. Nxe5 Bxe5 18. Rac1 c5 19. bxc5 a6 20.
Bb4 Qe6 21. f4 Bb8 22. Rce1 Nd5 23. f5 Qd7 24. Ne4 gxf5 25. Ng3 Nxe3 26.
Bxf5 Nxc2 27. Bxd7 Nxe1 28. Bxe1 Rxe1 29. Rxe1 Rd8 30. c6 Bxg3 31. hxg3 Bc8
32. c7 Rxd7 33. Re8+ Kg7 34. Rxc8 Kf6 35. Kh2 Re7 36. Kh3 Ke5 37. Kg4 Kd6
38. Ra8 Rxc7 39. Rxa6+ Ke7 40. Rb6 Ra7 1/2-1/2

[Event "Aeroflot Open"]
[Site "Moscow RUS"]
[Date "2009.02.23"]
[Round "7"]
[White "Zvjaginsev,V"]
[Black "Bacrot,E"]
[Result "1/2-1/2"]
[WhiteElo "2636"]
[BlackElo "2722"]
[EventDate "2009.02.17"]

1. e4 c5 2. Nf3 Nc6 3. Bb5 g6 4. O-O Bg7 5. c3 Nf6 6. e5 Nd5 7. d4 cxd4 8.
cxd4 Nc7 9. Nc3 Nxb5 10. Nxb5 O-O 11. Bf4 a6 12. Nc3 d6 13. exd6 exd6 14.
h3 d5 15. Re1 Be6 16. Qd2 Re8 17. Re2 Qb6 18. Rae1 Nxd4 19. Nxd4 Qxd4 20.
Qxd4 Bxd4 21. Nxd5 Rac8 22. Bd6 Kh8 23. Nc7 Red8 24. Nxe6 Rxd6 25. Nxd4
Rxd4 26. Re7 Kg7 27. R1e2 b5 1/2-1/2

[Event "Aeroflot Open"]
[Site "Moscow RUS"]
[Date "2009.02.23"]
[Round "7"]
[White "Sargissian,G"]
[Black "Potkin,V"]
[Result "1/2-1/2"]
[WhiteElo "2678"]
[BlackElo "2613"]
[EventDate "2009.02.17"]

1. d4 d5 2. c4 c6 3. Nf3 Nf6 4. Nc3 e6 5. e3 Nbd7 6. Qc2 Bd6 7. Bd3 O-O 8.
O-O dxc4 9. Bxc4 a6 10. Rd1 b5 11. Be2 Qc7 12. Bd2 c5 13. dxc5 Qxc5 14.
Rac1 Bb7 15. Be1 Be7 16. Qb1 Qa7 17. Ng5 Rfd8 18. Nce4 h6 19. Nxf6+ Nxf6
20. Nf3 Rxd1 21. Rxd1 Be4 22. Bd3 Bxd3 23. Rxd3 Rd8 24. Rxd8+ Bxd8 25. Qd3
Be7 26. Qc2 Qc5 27. Qxc5 Bxc5 28. Ne5 Bd6 29. Nd3 Ng4 30. h3 Ne5 31. Nb4
Bxb4 32. Bxb4 f5 33. Kf1 Kf7 34. Ke2 Nc6 35. Bc5 h5 36. e4 g6 37. Ke3 Kf6
38. exf5 exf5 39. Bd4+ Ke6 40. Bc3 Kf7 41. f3 Ke6 42. g4 hxg4 43. fxg4 fxg4
44. hxg4 Kd5 45. Kf4 Ke6 46. Ke4 Kd6 47. Bd2 Ke6 48. Bf4 g5 49. Bg3 a5 50.
Bc7 a4 51. Bg3 Nb4 52. Be1 Nxa2 53. Bd2 Kf6 54. Kd4 b4 55. Kc4 b3 56. Be3
Kg6 57. Bd4 Kf7 58. Kb5 Ke6 59. Kxa4 Nc1 60. Kb4 Kd5 1/2-1/2

[Event "Aeroflot Open"]
[Site "Moscow RUS"]
[Date "2009.02.23"]
[Round "7"]
[White "Tomashevsky,E"]
[Black "Grigoriants,S RUS"]
[Result "1-0"]
[WhiteElo "2664"]
[BlackElo "2565"]
[EventDate "2009.02.17"]

1. c4 e6 2. Nc3 d5 3. d4 c6 4. e3 Nf6 5. Nf3 Nbd7 6. Bd3 dxc4 7. Bxc4 b5 8.
Bd3 Bd6 9. O-O O-O 10. e4 e5 11. Ne2 Bb7 12. Bg5 c5 13. Bxf6 gxf6 14. d5 c4
15. Bc2 f5 16. exf5 Nf6 17. Nc3 a6 18. Re1 Re8 19. Qd2 Kh8 20. Qh6 Rg8 21.
Ng5 Rg7 22. Nce4 Nxe4 23. Nxe4 Bf8 24. Qh3 f6 25. Rad1 Qb6 26. b3 Rd8 27.
bxc4 bxc4 28. Rb1 Qa5 29. Nxf6 Qd2 30. Be4 Bc5 31. Qf3 Rf8 32. Nh5 Rgf7 33.
Re2 Qg5 34. Ng3 Bd4 35. Rc2 c3 36. Qd3 Qh4 37. Kh1 Bc8 38. Rxc3 Bxc3 39.
Qxc3 Qe7 40. h3 h5 41. Rb6 Rf6 42. Rxf6 Qxf6 43. Nxh5 Qd6 44. f6 1-0

[Event "Aeroflot Open"]
[Site "Moscow RUS"]
[Date "2009.02.23"]
[Round "7"]
[White "Vitiugov,N"]
[Black "Zhigalko,S"]
[Result "0-1"]
[WhiteElo "2687"]
[BlackElo "2587"]
[EventDate "2009.02.17"]

1. c4 c5 2. g3 g6 3. Bg2 Bg7 4. Nc3 Nc6 5. Nf3 d6 6. O-O e5 7. a3 Nge7 8.
b4 O-O 9. Rb1 Rb8 10. d3 b6 11. e3 Qd7 12. h4 f5 13. Bd2 h6 14. Nh2 Bb7 15.
f4 Kh8 16. h5 exf4 17. gxf4 g5 18. b5 Nd8 19. e4 gxf4 20. Nd5 Ne6 21. Nxf4
Nxf4 22. Bxf4 Rf7 23. Qd2 Kh7 24. Rbe1 Rbf8 25. Kh1 Ng8 26. Bg3 fxe4 27.
Rxf7 Rxf7 28. dxe4 Nf6 29. Bxd6 Nxh5 30. e5 Nf4 31. Qc2+ Kg8 32. Bxb7 Qxb7+
33. Qe4 Qxe4+ 34. Rxe4 Ne6 35. Kg2 Kh7 36. Ng4 Kg6 37. Ne3 h5 38. Nd5 Bh6
39. Ne7+ Kg5 40. Nc6 Kf5 41. Re1 Kg4 42. Nd8 Nxd8 43. e6 Nxe6 44. Rxe6 Bf4
45. Bxf4 Rxf4 46. Rg6+ Kf5 47. Rh6 Rxc4 48. Rxh5+ Ke6 0-1

[Event "Aeroflot Open"]
[Site "Moscow RUS"]
[Date "2009.02.23"]
[Round "7"]
[White "Minasian,Art"]
[Black "Amonatov,F"]
[Result "1/2-1/2"]
[WhiteElo "2557"]
[BlackElo "2647"]
[EventDate "2009.02.17"]

1. g3 c5 2. c4 Nc6 3. Bg2 g6 4. Nc3 Bg7 5. d3 e5 6. Nf3 Nge7 7. Nd2 d6 8.
Nf1 a6 9. Ne3 Rb8 10. h4 h6 11. h5 g5 12. f4 exf4 13. gxf4 g4 14. Ned5 O-O
15. e3 b5 16. Kf2 Nxd5 17. cxd5 Ne7 18. e4 f5 19. Ne2 c4 20. Ng3 Qb6+ 21.
Be3 Bd4 22. Qd2 Bd7 23. Rac1 fxe4 24. dxe4 Rxf4+ 25. Ke2 Bxe3 26. Qxe3
Qxe3+ 27. Kxe3 Rbf8 28. Rhf1 Rxf1 29. Rxf1 Rxf1 30. Bxf1 Kf7 31. Kf4 Kf6
32. Be2 Nc8 33. Bxg4 Bxg4 34. Kxg4 b4 35. Kf4 c3 36. bxc3 bxc3 37. Ke3 Kg5
38. Kd3 Kg4 39. Nf5 Kxh5 40. Kxc3 Kg5 41. Kb4 1/2-1/2

[Event "Aeroflot Open"]
[Site "Moscow RUS"]
[Date "2009.02.23"]
[Round "7"]
[White "Dyachkov,S"]
[Black "Smirin,I"]
[Result "1/2-1/2"]
[WhiteElo "2553"]
[BlackElo "2647"]
[EventDate "2009.02.17"]

1. d4 Nf6 2. c4 g6 3. Nc3 Bg7 4. e4 d6 5. f3 O-O 6. Be3 e5 7. Nge2 c6 8.
Qd2 Nbd7 9. O-O-O a6 10. Kb1 b5 11. c5 Qa5 12. Qc2 dxc5 13. dxe5 Nxe5 14.
Bxc5 Rd8 15. Nd4 Qc7 16. Nb3 Rxd1+ 17. Qxd1 Nfd7 18. Qd6 Qd8 19. Qe7 Qxe7
20. Bxe7 a5 21. Be2 a4 22. Nd2 Ba6 23. f4 b4 24. Bxb4 Nd3 25. Bd6 Nxb2 26.
Kxb2 Bxe2 27. Kc2 Ba6 1/2-1/2

[Event "Aeroflot Open"]
[Site "Moscow RUS"]
[Date "2009.02.23"]
[Round "7"]
[White "Aleksandrov,A"]
[Black "Safarli,E"]
[Result "1/2-1/2"]
[WhiteElo "2636"]
[BlackElo "2564"]
[EventDate "2009.02.17"]

1. d4 Nf6 2. c4 g6 3. Nc3 d5 4. Nf3 Bg7 5. e3 O-O 6. cxd5 Nxd5 7. Bc4 Nb6
8. Bb3 c5 9. O-O cxd4 10. exd4 Bg4 11. d5 N8d7 12. h3 Bxf3 13. Qxf3 Rc8 14.
Re1 Ne5 15. Qe2 Re8 16. Bg5 Qd7 17. Rad1 Nec4 18. Rd3 Nxb2 19. Qxb2 Qf5 20.
Qd2 Rxc3 21. Rxc3 Bxc3 22. Qxc3 Qxg5 23. d6 e6 24. Rc1 Rd8 25. Rd1 Rd7 26.
g3 Qd8 27. Qc5 Nc8 28. Rc1 Nxd6 29. Qxa7 Nb5 30. Qc5 Rc7 31. Qe3 Rxc1+ 32.
Qxc1 b6 33. a4 Nd4 34. Qd1 Qd6 35. Bc4 Nf5 36. Qb3 h5 37. h4 Qd4 38. Be2
Nd6 39. Bf3 Nc4 40. Be2 Nb2 41. Bb5 Kg7 42. Kf1 Nd1 43. Qf3 f5 44. Be2 Nc3
45. Qb7+ Kf6 46. Qc8 Nxe2 47. Kxe2 Qe4+ 48. Kf1 Qh1+ 49. Ke2 Qe4+ 50. Kf1
Qxa4 51. Qd8+ Kf7 52. Qc7+ Ke8 53. Qxb6 Qc4+ 54. Kg1 Ke7 55. Qb2 Kf7 56.
Qd2 Qd5 57. Qc3 Qd8 58. Qe5 Qd1+ 59. Kh2 Qd8 60. Qe3 Qf6 61. Qa7+ Qe7 62.
Qb8 e5 63. Kg2 Kg7 64. Kf1 Qf6 65. Qc7+ Kh6 66. Qb8 f4 67. gxf4 exf4 68.
Kg2 g5 69. hxg5+ Kxg5 70. Qg8+ Kh4 71. Kf3 Qf5 72. Qg1 Qf7 73. Ke4 Qc4+ 74.
Kf5 Qf7+ 75. Ke4 Qc4+ 1/2-1/2

[Event "Aeroflot Open"]
[Site "Moscow RUS"]
[Date "2009.02.23"]
[Round "7"]
[White "Riazantsev,A"]
[Black "Kotsur,P"]
[Result "1-0"]
[WhiteElo "2634"]
[BlackElo "2563"]
[EventDate "2009.02.17"]

1. d4 Nf6 2. c4 e6 3. Nf3 b6 4. a3 Ba6 5. Qb3 c5 6. d5 exd5 7. cxd5 d6 8.
Nc3 g6 9. Bf4 Qd7 10. g3 Bg7 11. Bg2 O-O 12. O-O Nh5 13. Bg5 h6 14. Bd2 b5
15. Rfe1 Qb7 16. e4 Nd7 17. Bf1 Rac8 18. a4 b4 19. Nb5 Qb8 20. g4 Nhf6 21.
Bf4 Bxb5 22. Bxb5 c4 23. Qxb4 Nc5 24. Qxc4 Ne6 25. dxe6 Rxc4 26. exf7+ Kh8
27. Bxc4 Qc8 28. Nd2 Qxg4+ 29. Bg3 Nd7 30. Ra3 Bxb2 31. Rb3 Bd4 32. Nf3 Ne5
33. Nxe5 dxe5 34. Bd5 Kg7 35. Reb1 Qc8 36. Kg2 h5 37. h4 Qd8 38. Rf3 Qa5
39. Rb7 Qd8 40. Rb4 Qe7 41. Rc4 Bc5 42. Rxc5 Qxc5 43. Bxe5+ Kh7 44. Bb2 Qc8
45. Ba3 Kg7 46. Bb2+ Kh7 47. Ba3 Kg7 48. Bxf8+ Kxf8 49. Rg3 Qa6 50. e5 Qa5
51. Bb3 Qb4 52. e6 Qe4+ 53. Kg1 Qe1+ 54. Kg2 Qe4+ 1-0

[Event "Aeroflot Open"]
[Site "Moscow RUS"]
[Date "2009.02.23"]
[Round "7"]
[White "Kazhgaleyev,M"]
[Black "Filippov,An UZB"]
[Result "1/2-1/2"]
[WhiteElo "2630"]
[BlackElo "2558"]
[EventDate "2009.02.17"]

1. d4 Nf6 2. c4 e6 3. Nc3 Bb4 4. Qc2 Nc6 5. Nf3 d6 6. Bg5 e5 7. e3 h6 8.
Bh4 exd4 9. Nxd4 Nxd4 10. exd4 Qe7+ 11. Be2 Bxc3+ 12. bxc3 O-O 13. O-O-O
Qe4 14. Bxf6 Qf4+ 15. Qd2 Qxf6 16. f3 b5 17. cxb5 a6 18. b6 Bf5 19. bxc7
Rfc8 20. Kb2 Rxc7 21. Ka1 Rb8 22. Bd3 Bxd3 23. Qxd3 Qg5 24. Rd2 Rcb7 25.
Re1 Qa5 26. Rde2 Kf8 27. Rc1 Qa3 28. Qc2 Rc7 29. h4 g6 30. g4 Rb3 31. Re3
Rcb7 32. Re2 Rc7 33. Re3 Rcb7 1/2-1/2

[Event "Aeroflot Open"]
[Site "Moscow RUS"]
[Date "2009.02.23"]
[Round "7"]
[White "Landa,K"]
[Black "Ajrapetjan,Y"]
[Result "1/2-1/2"]
[WhiteElo "2626"]
[BlackElo "2490"]
[EventDate "2009.02.17"]

1. e4 g6 2. d4 Bg7 3. Nc3 d6 4. Be3 c6 5. Qd2 Nd7 6. Nf3 b5 7. Bd3 Nb6 8.
h3 Nf6 9. O-O O-O 10. Bh6 b4 11. Ne2 c5 12. c3 bxc3 13. bxc3 Bb7 14. Bxg7
Kxg7 15. d5 Qd7 16. c4 e5 17. Ng3 Ng8 18. Qa5 Qa4 19. Qxa4 Nxa4 20. Rfb1
Ba6 21. Rb3 Nb6 22. Nd2 Rfb8 23. Ne2 Bc8 24. Nc3 a6 25. Rab1 Nd7 26. Na4
Kf8 27. Nb6 Nxb6 28. Rxb6 Rxb6 29. Rxb6 Ke7 30. Bc2 Nf6 31. Ba4 Nd7 32.
Bxd7 Kxd7 33. Kf1 Kc7 34. Rc6+ Kd7 35. Rb6 Kc7 36. Rb3 Bd7 37. h4 Rb8 38.
Rxb8 Kxb8 1/2-1/2

[Event "Aeroflot Open"]
[Site "Moscow RUS"]
[Date "2009.02.23"]
[Round "7"]
[White "Petrosian,TL"]
[Black "Zhou Weiqi"]
[Result "0-1"]
[WhiteElo "2623"]
[BlackElo "2542"]
[EventDate "2009.02.17"]

1. e4 c6 2. d4 d5 3. e5 Bf5 4. Nf3 e6 5. Be2 Ne7 6. O-O Nc8 7. Be3 Nd7 8.
Nbd2 Ncb6 9. c3 Be7 10. Ne1 O-O 11. f4 Bg6 12. Nd3 Qc7 13. g4 f5 14. exf6
Rxf6 15. b3 c5 16. Nf3 cxd4 17. cxd4 Ba3 18. Qd2 a5 19. Rad1 Rff8 20. Ng5
Qd6 21. Ne5 Bb4 22. Qb2 Ba3 23. Qd2 Bb4 24. Qb2 Ba3 25. Qa1 Be4 26. Nc4
dxc4 27. Nxe4 Qc6 28. Bf3 Nd5 29. Nc3 N7b6 30. Bd2 Bb4 31. Rc1 Qd7 32. Bg2
Nf6 33. g5 Qxd4+ 34. Kh1 Ng4 35. Be1 Rxf4 36. Rxf4 Qxf4 37. Bg3 Qd4 38. Ne4
Qxa1 39. Rxa1 Ne3 40. Bf2 Nbd5 41. Bh3 Re8 42. bxc4 Nxc4 43. Rc1 b5 44. a4
Ba3 45. Rc2 Nb4 46. Re2 Nd3 47. Rc2 Nxf2+ 48. Nxf2 Nd6 49. axb5 Nxb5 50.
Nd3 Nd4 51. Rc4 Nf3 52. g6 hxg6 53. Ra4 Bb4 54. Nxb4 axb4 55. Rxb4 Ng5 56.
Bg2 Nh7 57. Be4 Kf7 58. Rb1 Rd8 59. Rg1 Nf8 60. Rf1+ Ke7 61. Kg2 g5 62. Kf3
Nd7 63. Rg1 Kf6 64. Rf1 Ke7 65. Rg1 Ne5+ 66. Ke3 Nc4+ 67. Kf2 Rd2+ 68. Kf3
Rxh2 69. Bb7 Nd6 70. Bc6 Kf6 71. Bd7 Rh3+ 72. Kf2 Rd3 73. Ke2 Rd4 74. Bc6
Nf5 75. Bf3 Ra4 76. Bg4 Nh6 77. Bh5 g6 78. Bf3 g4 79. Bc6 Ra2+ 80. Kd3 g3
81. Bd7 Nf5 82. Re1 e5 83. Ke4 Rf2 84. Bc6 g2 85. Rg1 Nh4 86. Bb5 g5 87.
Ke3 Rf3+ 88. Ke2 g4 89. Bc6 Ra3 90. Kf2 g3+ 91. Ke2 Ng6 92. Kd2 Nf4 93. Be4
Kg5 0-1

[Event "Aeroflot Open"]
[Site "Moscow RUS"]
[Date "2009.02.23"]
[Round "7"]
[White "Romanov,E"]
[Black "Kosintseva,T"]
[Result "0-1"]
[WhiteElo "2576"]
[BlackElo "2497"]
[EventDate "2009.02.17"]

1. Nf3 Nf6 2. g3 d5 3. Bg2 e6 4. O-O Be7 5. d3 O-O 6. Nbd2 c5 7. e4 Nc6 8.
Re1 b5 9. e5 Nd7 10. Nf1 a5 11. h4 a4 12. Bf4 b4 13. N1h2 Ba6 14. Ng5 Nd4
15. Rc1 b3 16. axb3 axb3 17. c3 Nc2 18. Rf1 Qb6 19. Bh3 Bb5 20. c4 Bxg5 21.
hxg5 dxc4 22. dxc4 Bxc4 23. Qh5 Bd3 24. Bg2 Ra2 25. Rfd1 Bg6 26. Qh4 Nd4
27. Rd2 Qa5 28. Ng4 Ra1 29. Rxa1 Qxa1+ 30. Kh2 Qe1 31. f3 Ra8 32. Rxd4 cxd4
33. Nf6+ Nxf6 34. gxf6 d3 35. Qg5 h6 0-1

[Event "Aeroflot Open"]
[Site "Moscow RUS"]
[Date "2009.02.23"]
[Round "7"]
[White "Robson,R"]
[Black "Khairullin,I"]
[Result "0-1"]
[WhiteElo "2455"]
[BlackElo "2574"]
[EventDate "2009.02.17"]

1. e4 c6 2. d4 d5 3. e5 c5 4. c4 cxd4 5. Nf3 Bg4 6. cxd5 Qxd5 7. Nc3 Bxf3
8. Nxd5 Bxd1 9. Nc7+ Kd7 10. Nxa8 Bc2 11. e6+ Kxe6 12. Bf4 Nc6 13. Kd2 Bg6
14. Bb5 Kd7 15. Be5 Nf6 16. Rac1 e6 17. Nc7 Bb4+ 18. Ke2 d3+ 19. Kf3 Bh5+
20. Kg3 Ne4+ 21. Kh4 Be2 22. f3 Be7+ 23. Kh5 Nf6+ 24. Bxf6 gxf6 25. Na6 d2
26. Rxc6 Bxb5 27. Rc7+ Kd6 28. Rd1 Bxa6 29. Rc3 e5 30. Rxd2+ Ke6 0-1

[Event "Aeroflot Open"]
[Site "Moscow RUS"]
[Date "2009.02.23"]
[Round "7"]
[White "Grachev,B"]
[Black "Andriasian,Z"]
[Result "1/2-1/2"]
[WhiteElo "2655"]
[BlackElo "2564"]
[EventDate "2009.02.17"]

1. d4 d5 2. Nf3 Nf6 3. c4 c6 4. e3 e6 5. b3 Nbd7 6. Bd3 Bd6 7. Bb2 b6 8.
O-O Bb7 9. Nc3 O-O 10. Qc2 c5 11. cxd5 exd5 12. Nb5 Be7 13. Rad1 Re8 14.
Ne5 a6 15. Nc3 cxd4 16. Nxd7 Qxd7 17. Bf5 Qc6 18. exd4 1/2-1/2

[Event "Aeroflot Open"]
[Site "Moscow RUS"]
[Date "2009.02.23"]
[Round "7"]
[White "Bareev,E"]
[Black "Maslak,K"]
[Result "1-0"]
[WhiteElo "2645"]
[BlackElo "2541"]
[EventDate "2009.02.17"]

1. d4 Nf6 2. c4 g6 3. Nc3 d5 4. Qb3 dxc4 5. Qxc4 Bg7 6. e4 O-O 7. Be2 a6 8.
Bf4 b5 9. Qxc7 Qxc7 10. Bxc7 b4 11. Na4 Nc6 12. e5 Nd5 13. Bf3 Be6 14. Ne2
Nxc7 15. Bxc6 Rad8 16. Nc5 f6 17. f4 fxe5 18. dxe5 g5 19. g3 gxf4 20. gxf4
Bc4 21. Nd7 Bxe2 22. Nxf8 Bg4 23. Rg1 Bf5 24. Nd7 Bxd7 25. Rd1 Bxc6 26.
Rxd8+ Ne8 27. Kf2 Kf7 28. Rc1 Bb5 29. Rc5 b3 30. axb3 e6 31. Rxb5 axb5 32.
Rd7+ Kf8 33. Kf3 Bh6 34. Rb7 Ng7 35. Rxb5 Nh5 36. Rb4 Kf7 37. Rc4 Kg6 38.
Kg4 Ng7 39. Rc6 Kf7 40. b4 Nf5 41. b5 Ne3+ 42. Kf3 Nd5 43. f5 1-0

[Event "Aeroflot Open"]
[Site "Moscow RUS"]
[Date "2009.02.23"]
[Round "7"]
[White "Ponkratov,P"]
[Black "Huzman,A"]
[Result "1/2-1/2"]
[WhiteElo "2558"]
[BlackElo "2602"]
[EventDate "2009.02.17"]

1. e4 c5 2. Nf3 d6 3. d4 cxd4 4. Nxd4 Nf6 5. f3 e5 6. Nb3 Be6 7. c4 a5 8.
Be3 a4 9. N3d2 Qa5 10. Nc3 Be7 11. Be2 O-O 12. O-O Bd8 13. Kh1 Nc6 14. Nd5
Nd7 15. Nb1 Bxd5 16. cxd5 Nd4 17. Na3 Nxe2 18. Qxe2 Bb6 19. Bd2 Qa6 20. Qb5
Rfd8 21. Rfc1 Bd4 22. Rc2 Nc5 23. Qxa6 Rxa6 24. Nb5 a3 25. Nxd4 axb2 26.
Rxb2 exd4 27. a4 f5 28. exf5 Rda8 29. a5 b6 30. Rb5 bxa5 31. Raxa5 Rxa5 32.
Bxa5 Na4 33. Kg1 Nc3 34. Bxc3 dxc3 35. Rb1 Ra5 36. Rc1 1/2-1/2

[Event "Aeroflot Open"]
[Site "Moscow RUS"]
[Date "2009.02.23"]
[Round "7"]
[White "Li Chao2"]
[Black "Chadaev,N"]
[Result "1-0"]
[WhiteElo "2628"]
[BlackElo "2568"]
[EventDate "2009.02.17"]

1. e4 e5 2. Nf3 Nc6 3. Bb5 a6 4. Ba4 Nf6 5. O-O Be7 6. Re1 b5 7. Bb3 d6 8.
c3 O-O 9. d4 Bg4 10. Be3 exd4 11. cxd4 Na5 12. Bc2 c5 13. dxc5 dxc5 14.
Nbd2 Nc6 15. Qb1 h6 16. a3 Qc7 17. h3 Be6 18. Nf1 Rfe8 19. e5 Nd5 20. Bd2
Rad8 21. Ng3 Bf8 22. Re2 c4 23. Re4 Nde7 24. Re2 Nd5 25. Re4 Nb6 26. Qe1
Nd7 27. Rd1 Nc5 28. Re3 a5 29. Nh5 b4 30. Bb1 Bd5 31. Nh4 Rxe5 32. Rxe5
Qxe5 33. Qxe5 Nxe5 34. axb4 Ncd3 35. Bc3 Ng6 36. Nxg6 fxg6 37. Bxd3 cxd3
38. Nf4 Bc4 39. bxa5 Kf7 40. Bd2 Bb5 41. Rc1 Bd6 42. Nd5 Rd7 43. Nb6 Rc7
44. Rxc7+ Bxc7 45. Nd5 Bd6 46. Kf1 g5 47. Ke1 Ke6 48. Nc3 Bc4 49. Ne4 Bc7
50. f3 Kd5 51. Bc3 g6 52. Bd2 Ba6 53. b3 Bd8 54. Kd1 Bc7 55. Nf6+ Kd4 56.
Ng8 h5 57. Ne7 g4 58. hxg4 hxg4 59. fxg4 Bb7 60. Nxg6 Bxg2 61. g5 Bd5 62.
b4 Kc4 63. Ne7 Bf3+ 64. Kc1 Be5 65. Ng6 Bd6 66. a6 Kb5 67. a7 Ka6 68. Nh4
Bd5 69. Nf5 Be5 70. Be3 Kb7 71. g6 Bc3 72. b5 Be5 73. Kd2 Bc4 74. b6 Ka8
75. Bd4 Bf4+ 76. Be3 Be5 77. Nh6 Bg7 78. Nf7 Bf8 79. Kc3 Ba2 80. Nd8 Bd5
81. Kxd3 Be7 82. b7+ 1-0

[Event "Aeroflot Open"]
[Site "Moscow RUS"]
[Date "2009.02.23"]
[Round "7"]
[White "Lysyj,I"]
[Black "Li Shilong"]
[Result "1/2-1/2"]
[WhiteElo "2620"]
[BlackElo "2559"]
[EventDate "2009.02.17"]

1. d4 Nf6 2. Nf3 g6 3. c4 Bg7 4. Nc3 O-O 5. e4 d6 6. h3 e5 7. d5 a5 8. g4
c6 9. Be3 Na6 10. Be2 Nc5 11. Nd2 Bd7 12. h4 Qc8 13. Rg1 cxd5 14. Nxd5 Nxd5
15. cxd5 Qd8 16. g5 b5 17. b3 Rc8 18. Rc1 Qe7 19. h5 Rc7 20. Nf1 Rfc8 21.
Ng3 Na6 22. Rxc7 Nxc7 23. a3 Na6 24. hxg6 hxg6 25. Nf1 Qd8 26. Nd2 Rc3 27.
Nb1 Rc8 28. f3 f5 29. gxf6 Qxf6 30. Rh1 Nc5 31. Nd2 Kf7 32. Kf2 g5 33. Rh7
g4 34. Qh1 gxf3 35. Qxf3 Qxf3+ 36. Kxf3 Kg6 37. Rh1 a4 38. Rg1+ Kf7 39. b4
Nb3 40. Nxb3 axb3 41. Bd3 Ra8 42. Bc1 Rh8 43. Kg2 Bf6 44. Rh1 Rg8+ 45. Kf3
Bd8 46. Be3 b2 47. Ke2 Rg2+ 48. Kf3 Rg8 49. Ke2 Rg2+ 50. Kf3 Rg8 51. Kf2
Be7 52. Ke2 Rg2+ 53. Kf3 Rg8 54. Ke2 Rg2+ 55. Kf3 1/2-1/2

[Event "Aeroflot Open"]
[Site "Moscow RUS"]
[Date "2009.02.23"]
[Round "7"]
[White "Shomoev,A"]
[Black "Volkov,Sergey1"]
[Result "1/2-1/2"]
[WhiteElo "2567"]
[BlackElo "2627"]
[EventDate "2009.02.17"]

1. e4 e6 2. d4 d5 3. Nc3 Nf6 4. e5 Nfd7 5. f4 c5 6. Nf3 Qb6 7. Be3 Nc6 8.
Na4 Qa5+ 9. c3 b6 10. Bd2 c4 11. b4 Qa6 12. Be2 Be7 13. O-O Nf8 14. Nb2 Qa3
15. Qc2 b5 16. Bc1 Qa6 17. a4 Ng6 18. Be3 Qb7 19. axb5 Qxb5 20. Na4 O-O 21.
Rfb1 Nh4 22. Nxh4 Bxh4 23. Nc5 Rb8 24. Bd1 Bd8 25. Qa2 Qb6 26. b5 Na5 27.
Rb4 f6 28. exf6 Rxf6 29. Ra4 Nb3 30. Bxb3 cxb3 31. Qxb3 Rf7 32. Qa2 Bc7 33.
Rxa7 Qxb5 34. f5 exf5 35. Rxc7 Rxc7 36. Bf4 Rxc5 37. Bxb8 Rxc3 38. Be5 h6
39. h3 1/2-1/2

[Event "Aeroflot Open"]
[Site "Moscow RUS"]
[Date "2009.02.23"]
[Round "7"]
[White "Van Wely,L"]
[Black "Ragger,M"]
[Result "1-0"]
[WhiteElo "2625"]
[BlackElo "2540"]
[EventDate "2009.02.17"]

1. d4 d5 2. c4 c6 3. Nf3 Nf6 4. Nc3 dxc4 5. a4 Bf5 6. e3 e6 7. Bxc4 Bb4 8.
O-O Nbd7 9. Nh4 Bg6 10. Be2 O-O 11. Nxg6 hxg6 12. Qc2 Rc8 13. Rd1 Qe7 14.
a5 c5 15. Qb3 Nb8 16. Bf3 Nc6 17. a6 bxa6 18. Rxa6 Nb8 19. Ra4 a5 20. Na2
Rfd8 21. Nxb4 axb4 22. Bd2 Nd5 23. dxc5 Qxc5 24. e4 Nb6 25. Be3 Qc4 26.
Rxd8+ Rxd8 27. Rxb4 Qxb3 28. Rxb3 Nc4 29. Bc1 Nc6 30. Rc3 N4e5 31. Be2 Nd4
32. Bf1 Ra8 33. f3 Ra1 34. Kf2 Nec6 35. Ke3 e5 36. Bc4 Nb4 37. f4 Ndc6 38.
g3 exf4+ 39. gxf4 g5 40. fxg5 Ne5 41. Bb3 Kh7 42. Kd4 f6 43. gxf6 gxf6 44.
Bf4 Nbc6+ 45. Kc5 Rb1 46. Bd5 1-0

[Event "Aeroflot Open"]
[Site "Moscow RUS"]
[Date "2009.02.23"]
[Round "7"]
[White "Vazquez Igarza,R"]
[Black "Grigoryan,Av"]
[Result "1-0"]
[WhiteElo "2558"]
[BlackElo "2506"]
[EventDate "2009.02.17"]

1. Nf3 Nf6 2. c4 g6 3. Nc3 Bg7 4. e4 d6 5. d4 O-O 6. Be2 e5 7. O-O Na6 8.
Re1 Qe8 9. Bg5 Bg4 10. h3 Bxf3 11. Bxf3 Nd7 12. d5 f6 13. Bd2 c5 14. dxc6
bxc6 15. Be3 Qb8 16. Rb1 Qc7 17. b4 Kh8 18. Qd3 Rad8 19. c5 Ndb8 20. cxd6
Rxd6 21. Qc4 f5 22. b5 f4 23. b6 axb6 24. Bxb6 Qf7 25. Be2 Qxc4 26. Bxc4
Bf6 27. Red1 Be7 28. Na4 Kg7 29. Rxd6 Bxd6 30. Rd1 Bc7 31. Bxc7 Nxc7 32.
Nc5 Kf6 33. Nd7+ Nxd7 34. Rxd7 Nb5 35. Rxh7 Nd6 36. Rc7 Nxe4 37. Rxc6+ Kg7
38. Bd5 Nf6 39. Bb3 Rd8 40. Rc7+ Kh6 41. Rf7 Ne4 42. Re7 Rc8 43. Kf1 Nd2+
44. Ke2 Nxb3 45. axb3 Rb8 46. Rxe5 g5 47. h4 gxh4 48. Kf3 Rxb3+ 49. Kxf4
Rb2 50. Kf3 Rb1 51. Kg4 Rg1 52. Rh5+ Kg6 53. Rg5+ Kf6 54. Kxh4 Rh1+ 55. Kg4
Rh2 56. Rf5+ Kg6 57. g3 1-0

[Event "Aeroflot Open"]
[Site "Moscow RUS"]
[Date "2009.02.23"]
[Round "7"]
[White "Salem,AR"]
[Black "Ipatov,A UKR"]
[Result "0-1"]
[WhiteElo "2473"]
[BlackElo "2494"]
[EventDate "2009.02.17"]

1. d4 d5 2. c4 c6 3. Nc3 Nf6 4. e3 g6 5. Nf3 Bg7 6. h3 O-O 7. Be2 b6 8. O-O
Bb7 9. cxd5 cxd5 10. Qa4 a6 11. Rd1 Nbd7 12. Bd2 Qb8 13. Qb3 Re8 14. a4 h6
15. a5 b5 16. Na2 Ne4 17. Be1 e6 18. Nb4 Qd6 19. Nd3 Rac8 20. Rdc1 Qb8 21.
Qd1 g5 22. Rxc8 Rxc8 23. Rc1 f6 24. Bb4 h5 25. Nh2 h4 26. Nf1 Rc4 27. b3
Rxc1 28. Qxc1 Bf8 29. Bxf8 Kxf8 30. Bf3 Ke7 31. Bxe4 dxe4 32. Nc5 Qc7 33.
Qa3 Nxc5 34. Qxc5+ Qxc5 35. dxc5 b4 36. Nd2 Bd5 37. f3 f5 38. Kf2 e5 39. g3
Kd7 40. f4 exf4 41. exf4 gxf4 42. gxf4 Kc6 0-1

[Event "Aeroflot Open"]
[Site "Moscow RUS"]
[Date "2009.02.23"]
[Round "7"]
[White "Khachiyan,M"]
[Black "Petrosian,DG"]
[Result "1/2-1/2"]
[WhiteElo "2519"]
[BlackElo "2477"]
[EventDate "2009.02.17"]

1. e4 e6 2. d4 d5 3. Nc3 Nf6 4. Bg5 dxe4 5. Nxe4 Be7 6. Bxf6 Bxf6 7. Nf3
Nd7 8. Qd2 O-O 9. O-O-O b6 10. Qf4 Bb7 11. Bb5 Be7 12. Ne5 Nf6 13. Bc6 Nd5
14. Qf3 Bxc6 15. Nxc6 Qe8 16. Nxe7+ Qxe7 17. c4 Nf6 18. Nxf6+ Qxf6 19. Qxf6
gxf6 20. d5 Rad8 21. Rhe1 Rd6 22. dxe6 Rxe6 23. Re3 Rxe3 24. fxe3 Kg7 25.
Rd7 Rc8 26. e4 Kf8 27. Kd2 Ke8 28. Rd5 Ke7 29. Ke3 a5 30. h4 c6 31. Rd3 a4
32. g4 Ra8 33. Rd2 Ra5 34. Rf2 Re5 35. Kd4 h5 36. Rf4 hxg4 37. Rxg4 Rh5 38.
Rf4 Ke6 39. b3 axb3 40. axb3 c5+ 41. Ke3 Rh6 42. Kf3 Ke5 43. Ke3 Ke6 44.
Kf2 Ke5 45. Kf3 Kd4 46. Kg4 Ke3 47. Rf1 Kxe4 48. h5 Kd4 49. Rh1 Ke5 50.
Re1+ Kd4 51. Rf1 Kc3 52. Rf3+ Kd4 53. Rf2 Kd3 54. Rf1 1/2-1/2